Indian Constitutional Law (Record no. 6417)

MARC details
000 -LEADER
fixed length control field 00393nam a22001697a 4500
005 - DATE AND TIME OF LATEST TRANSACTION
control field 20200522095746.0
008 - FIXED-LENGTH DATA ELEMENTS--GENERAL INFORMATION
fixed length control field 200522b xxu||||| |||| 00| 0 eng d
020 ## - INTERNATIONAL STANDARD BOOK NUMBER
ISBN 978938615049
041 ## - LANGUAGE CODE
Language code of text/sound track or separate title eng
082 ## - DEWEY DECIMAL CLASSIFICATION NUMBER
Classification number 340.54 JAI
100 ## - MAIN ENTRY--AUTHOR NAME
Personal name Jain M.P
245 ## - TITLE STATEMENT
Title Indian Constitutional Law
250 ## - EDITION STATEMENT
Edition statement 8'th ed
260 ## - PUBLICATION, DISTRIBUTION, ETC. (IMPRINT)
Place of publication Haryana
Name of publisher Lexisnexls
Year of publication 2018
300 ## - PHYSICAL DESCRIPTION
Number of Pages 2059p.
942 ## - ADDED ENTRY ELEMENTS (KOHA)
Koha item type Books
Holdings
Lost status Damaged status Collection code Home library Current library Shelving location Date acquired Source of acquisition Cost, normal purchase price Full call number Accession Number Koha item type
    Reference JRU Library JRU Library SHELF-1-A 03/06/2020 PURCHASE 1650.00 340.54 JAI 24328 Books